Speciality rubbers (Record no. 69128)

MARC details
000 -LEADER
fixed length control field 00326nam a2200145Ia 4500
100 ## - MAIN ENTRY--AUTHOR NAME
Personal name Brydson J S
245 #0 - TITLE STATEMENT
Title Speciality rubbers
260 ## - PUBLICATION, DISTRIBUTION, ETC. (IMPRINT)
Name of publisher Rapra Review
Year of publication 1994
300 ## - PHYSICAL DESCRIPTION
Number of Pages 105
500 ## - GENERAL NOTE
General note Source Year: 1995
700 ## - ADDED ENTRY--PERSONAL NAME
Personal name Dolbey R
856 ## - ELECTRONIC LOCATION AND ACCESS
Uniform Resource Identifier IRRDB
942 ## - ADDED ENTRY ELEMENTS (KOHA)
Koha item type Journals
Holdings
Withdrawn status Lost status Damaged status Not for loan Home library Current library Shelving location Date acquired Serial Enumeration / chronology Koha item type
      Journals RRII Library RRII Library Rubber chemistry 17/12/2021 Volume 74, Issue 7 Journals